[Event "Dos Hermanas-A"]
[Site "Dos Hermanas"]
[Date "2001.04.24"]
[Round "6"]
[White "Dreev, Alexey"]
[Black "Smirin, Ilia"]
[Result "1-0"]
[WhiteElo "2685"]
[BlackElo "2691"]
[Annotator "Hazai,L"]
[PlyCount "85"]
[EventDate "2001.04.19"]
[EventType "tourn"]
[EventRounds "9"]
[EventCountry "ESP"]
[EventCategory "16"]
[SourceTitle "CBM 083"]
[Source "ChessBase"]
[SourceDate "2001.07.05"]
[SourceVersion "1"]
[SourceVersionDate "2001.07.05"]
[SourceQuality "1"]

1. d4 Nf6 2. c4 g6 3. Nc3 Bg7 4. e4 d6 5. f3 O-O 6. Nge2 a6 (6... c5 {and}) (
6... e5 {are the major plans for Black to attack White's strong [+]
immediately.}) 7. Be3 Nbd7 (7... Nc6 {transposes to the Yugoslav Variation.})
8. Qd2 c5 9. dxc5 {Now White solves the tension in the [+] giving up a part of
his central advantage. On the other hand he gets a strong pressure along the d
<->, and the game gets a positional character.} (9. O-O-O Qa5 10. Kb1 b5 {
- Bu Xiangzhi-Selin, St.Petersburg 2000 CBM 76.}) (9. Bh6 {- Dreev-Fossan,
EUCup London 1996 CBM 55.}) (9. d5 {-Czerwonski-Blehm, Plock 2000 CBM 78.})
9... dxc5 (9... Nxc5 10. Nd4 $1 $14 {leads to a favourable type of the
Sicilian Maroczy Bind, because the N belomgs to c6.} (10. Nf4 {seems to be
more sophysticated overprotecting >< d5, but forgetting about Black's standard
b7-b5 push.} Bd7 11. Be2 b5 $1 {This is the problem} 12. O-O (12. cxb5 axb5 13.
Nxb5 $4 Nb3 $1 $19) 12... bxc4 13. Bxc4 Na4 14. Nfe2 {Acknowledging the
mistake!} Qb8 15. Bb3 Nb6 16. Nf4 a5 17. Qf2 Ra6 18. Qe2 Ra7 19. Rfc1 a4 20.
Bc2 Ra5 $13 {Lodhi-I.Ivanov, London 1987})) 10. Rd1 (10. Nc1 Qc7 11. Nb3 b6 {
Now the N on b3 is out of play.} 12. Be2 Bb7 13. O-O Rfd8 $11) (10. Nf4 e6 {
defending >< d5. Now the N on f4 has to find his right place.} 11. Be2 (11. Nd3
Qc7 12. Rd1 b6 13. Be2 (13. Bf4 Qc6) 13... Bb7 {Black has successfully
finished his development, and it is not easy for White to find a clear-cut
plan maintaining his small space advantage.} 14. Bf4 Qc6 15. Bh6 Rad8 16. Bxg7
Kxg7 17. a4 Qc7 18. O-O Ne5 $11 {Hausner-Nunn, BL 1988/89}) 11... b6 12. Rd1
Bb7 13. O-O Re8 {This looks rather useless, Bh6 is not a strategical threat.} (
13... Qc7 $5) 14. Nd3 Qc7 15. Bf4 Qc8 (15... Qc6) 16. Bg5 Qc7 17. Kh1 Bc6 18.
Qe3 Nh5 19. f4 {White has to go ahead, if he wants to achieve something.} Bd4
20. Qc1 Ng7 21. Bf3 f5 22. e5 $14 {with some space advantage,
Dyachkov-Alekseev, Voronezh 1999.}) (10. O-O-O {It is better to do this
without taking early on c5.} Qc7 $1 {This looks more to the point now.} (10...
Qa5 11. Kb1 b5 {transposes to the main line 9.0-0-0} (11... e6 12. Nc1 Qc7 {
Black has lost a tempo now.} 13. Nb3 b6 14. Be2 Bb7 15. Qd6 {The _|_ cannot
pose any serious problem for Black. Perhaps he has to find activity on the >>.}
Rac8 16. Qxc7 Rxc7 17. Bf4 Rcc8 18. a4 (18. e5 Nh5 19. Rxd7 Bc6 20. Bd2 Bxd7
21. g4 Bxe5 22. gxh5 Bc6 $44 {with an active piece play for the sacrificed
material.}) 18... Nh5 19. Bd6 Rfe8 20. g4 Nhf6 21. Bg3 Nf8 22. Rd6 N6d7 $13 {
Ward-Hebden, Hove 1997})) 11. Nf4 (11. Kb1 $6 {is too slow.} Ne5 12. Nf4 e6 $1
{This is the typical defence restricting both knights sphere of activity.} 13.
Qd6 (13. h4 h5 $13) 13... Qxd6 14. Rxd6 Re8 $1 (14... Nfd7 15. Na4 $14) 15.
Bxc5 Bf8 16. Be2 {White is happy to sacrifice the exchange, but Black wants to
maintain the tension.} Bd7 $1 (16... Bxd6 17. Bxd6 $14) 17. Rhd1 Rac8 18. Ba3
Nxc4 19. Bxc4 Rxc4 20. R6d3 Bxa3 21. bxa3 {1/2-1/2 Vyzhmanavin-Nunn, Debrecen
Eu-cht 1992 56/(671)}) 11... e6 12. h4 {Vyzhmanavin} Ne5 (12... Re8 13. h5 Ne5
14. hxg6 fxg6 15. Nh3 Nh5 {Black has reasonable counterchances on the >>.} 16.
Bf2 (16. f4 $6 Ng3 $15 {Hoeksma-Piket, Holland-ch 1993 58/634}) 16... Nf7 $13 {
Piket}) 13. Qd6 {The _|_ is not frightening for Black, as it was demonstrated
before.} Qxd6 14. Rxd6 Bd7 (14... Re8) 15. Be2 b5 16. g4 Rfc8 17. Rhd1 Bf8 18.
R6d2 Be8 {keeping the tension on the <<.} (18... b4 $6 {closes the <<, and
White's space advantage remains unquestionable.} 19. Nb1 Be8 20. g5 Nfd7 21.
Nh3 Nb6 22. b3 a5 23. Nf2 a4 24. f4 axb3 25. axb3 Nc6 26. e5 Nd4 27. Bxd4 cxd4
28. Ne4 $1 $16 {Vakhidov-Lanka, Luzern 1993 59/(634)}) 19. g5 Nfd7 $13 {
Nadyrkhanov}) 10... Qa5 (10... Qc7 {looks also logical, as it was mentioned
before.} 11. Nf4 e6 $1 12. Nd3 b6 (12... Ne8 13. Nf2 (13. Be2) 13... f5 {
Black doesn't want to sit and wait anymore.} 14. exf5 gxf5 15. f4 Ndf6 16. Be2
b6 17. Bf3 Ra7 ({Why not} 17... Bb7) 18. O-O Bb7 19. Qe2 Bxf3 20. Qxf3 Nd6 21.
Bc1 Nf7 22. Rfe1 Re8 23. Re2 Nd8 {1/2-1/2 Khenkin-Banikas, Bolzano 2000}) 13.
Bf4 e5 {- 10...Qa5}) 11. Nc1 Qc7 12. Nd3 b6 13. Bf4 {provoking the weakening
move} e5 14. Bg5 Re8 ({Finishing the development of the << by} 14... Bb7 {
looked more natural} 15. Be2 Nb8 16. Nd5 Nxd5 (16... Bxd5 17. cxd5 Ne8 {
Black has to blockade the o^ on d6, but White has an |^ on the <<.} 18. Rc1 $5
{preparing for b2-b4.} (18. b4 {immediately allows Black to close the <<.} c4
19. Rc1 Nd6 20. Nb2 b5 21. Nd3 Nd7 $11 {Estremera Panos-Lanka, Mondariz 1997})
18... Nd6 19. O-O $14) 17. cxd5 {Now the B on b7 is rather passive.} Nd7 18.
Rc1 Qd6 {Usually the Q is not the best blockading piece!} 19. b4 (19. O-O $5)
19... Rfc8 20. bxc5 Nxc5 21. Nxc5 Rxc5 22. Rxc5 Qxc5 23. d6 Bf8 24. d7 Be7 25.
Be3 Qc7 26. Kf2 Rd8 27. Rc1 Qxd7 28. Qxd7 Rxd7 29. Bxb6 Bb4 $5 {/\ a5} (29...
Kf8 30. Rc4 $14 {Vera-Solana, Las Palmas II 1992 56/(671)})) 15. Be2 Nf8 (15...
Bb7 {is met by} 16. Nd5 $1 {with better circumstances, than in case of the
immediate 14...Bb7.}) 16. Nd5 $1 Nxd5 17. cxd5 {Now the N on f8 is outplaced.
White's strong defended o^ is not easy to blockade.} Nd7 {Black is playing
without a plan.} (17... c4 18. Nb4 $16) 18. Rc1 {/\ b4 opening a new
battlefront on the <<.} Qd6 (18... Bf6 19. Be3 $16 {White has to avoid the
exchange of his excellent dark-squared B.}) 19. b4 $1 {White has to open the
position for his better placed pieces.} cxb4 20. Qxb4 Qb8 ({The _|_ after} 
20... Qxb4+ 21. Nxb4 Bf8 22. Nc6 $16 {is not rosy either.}) 21. O-O Bf8 22. Qb2
Bb7 {This B cannot find his right place in this P structure.} 23. a4 a5 {
Black wants to hold the position on the dark squares, but the white ones are
now irreversibily weakened.} 24. Nf2 {opening the /^ for the B.} Bc5 25. Bb5
Qd6 26. Bxd7 Qxd7 27. Rxc5 $1 $18 {[%mdl 128] [#] White sacrifices the
exchange eliminating Black's only good piece and begins a direct assault
against the K on the weak dark squares.} bxc5 28. Ng4 Ra6 29. Nh6+ Kf8 30. f4
$1 {opening the f <-> against the black K.} Bxd5 31. exd5 f5 32. Rd1 $2 {
This is a bit light-hearted.} (32. Qc2 $1 Qxd5 33. Rd1 $18 {was the precise
move order.}) 32... Qxa4 33. Qc1 Rd6 34. h4 Qb3 35. Qa1 Rxd5 36. Rb1 Qe3+ (
36... Qd3 $1 {was more persistant.}) 37. Kh1 Qd4 38. Qxa5 exf4 $2 {Now White
is winning easily.} (38... Rd7 39. Bf6 Qf2 40. fxe5 {was better, but White's
threats are still dangerous.}) 39. Rb7 $1 $18 Rd7 40. Rxd7 Qxd7 41. Qxc5+ Re7
42. Ng8 Kxg8 43. Qxe7 1-0

[Event "WchT 6th"]
[Site "Beersheba"]
[Date "2005.11.02"]
[Round "2.2"]
[White "Grischuk, Alexander"]
[Black "Smirin, Ilia"]
[Result "0-1"]
[WhiteElo "2720"]
[BlackElo "2673"]
[Annotator "Ftacnik,L"]
[PlyCount "62"]
[EventDate "2005.11.01"]
[EventType "team-tourn"]
[EventRounds "9"]
[EventCountry "ISR"]
[SourceTitle "CBM 110"]
[Source "ChessBase"]
[SourceDate "2006.01.31"]
[SourceVersion "1"]
[SourceVersionDate "2006.01.31"]
[SourceQuality "1"]
[WhiteTeam "Russia"]
[BlackTeam "Israel"]
[WhiteTeamCountry "RUS"]
[BlackTeamCountry "ISR"]

1. d4 Nf6 2. c4 g6 3. Nc3 Bg7 4. e4 d6 5. f3 O-O 6. Nge2 Nbd7 7. Bg5 c5 8. d5
h6 9. Be3 h5 {Black's move serves two important purposes. It slows down
potential kingside attack with white pawns and prepares the counterplay with
f7-f5.} (9... Ne5 10. Ng3 Kh7 (10... h5 11. Bd3 h4 12. Nf1 h3 13. g4 Qb6 14.
Rb1 Nfxg4 15. fxg4 Bxg4 16. Be2 f5 17. Bxg4 fxg4 {0-1 Kvakovszky,G (1940)
-Nightingale,D (1830)/San Antonio 1996/ (29)}) (10... e6 11. Qd2 Kh8 12. h4
exd5 13. cxd5 a6 14. h5 g5 15. a4 Bd7 16. Be2 Rc8 17. Nf1 c4 18. a5 Ne8 19. f4
gxf4 20. Bxf4 f5 21. Ng3 {1-0 Jager,J (1441)-Schulzer,P (1725)/Melbourne 2001/
(33)}) 11. Be2 Qb6 12. Qc1 Nfd7 13. f4 Qb4 14. fxe5 Nxe5 15. a3 Qb3 16. Nd1 Bg4
17. Bxg4 Nd3+ 18. Kd2 Nxc1 19. Rxc1 b5 20. cxb5 Qxb5 21. Rc2 {1/2-1/2 Aumann,
W-Handke,F/Bad Driburg 1994/ (28)}) 10. Nc1 Nh7 (10... Ne5 11. Be2 Ne8 12. h3
f5 13. exf5 Bxf5 14. g4 hxg4 15. hxg4 Bc8 16. f4 Bxg4 17. Bxg4 Nxc4 18. Be6+
Rf7 19. Qd3 {1-0 Kunz,K (2230)-Gossmann,B/Wuerzburg 1998/ (23)}) 11. Be2 Ne5
12. O-O (12. f4 Ng4 13. Bxg4 Bxg4 14. Qc2 $14) 12... f5 13. Qd2 (13. f4 $5 Ng4
(13... Nf7 14. e5 dxe5 15. Bxc5 Nf6 16. Nb3 $16) 14. Bxg4 hxg4 15. e5 dxe5 16.
fxe5 Bxe5 17. Nd3 Bd6 18. Bxc5 Nf6 19. Bxd6 exd6 20. Nf4 $16) 13... fxe4 14.
Nxe4 Bf5 15. Nf2 (15. Ng3 e6 16. Nb3 Qc7 17. Rae1 Rae8 18. h3 exd5 19. Nxf5
gxf5 20. Qxd5+ Kh8 21. f4 Nf6 $14) 15... Qb6 16. a4 (16. Nb3 Qa6 17. Rfc1 Nf6
18. Bf4 Nf7 19. Re1 $14) 16... Rac8 17. a5 Qd8 18. Na2 (18. a6 $5 Rb8 19. f4
Nf7 20. Bd3 $14) 18... e6 19. Nc3 (19. g4 hxg4 20. fxg4 Bd3 $1 21. Nxd3 $140 $2
Nxc4 $19) 19... exd5 20. cxd5 $6 {Grischuk was not in best form on this day,
much more challenging for black seems to be the recapturing with the knight.} (
20. Nxd5 Nf6 21. f4 $16) 20... Nf6 21. h3 Re8 22. a6 Rb8 23. Nb5 (23. f4 Nf7
24. g4 hxg4 25. hxg4 Bd7 $11) 23... Qe7 24. Bf4 (24. Rfe1 bxa6 25. Nc3 Qb7 26.
g4 hxg4 27. hxg4 Bd7 28. g5 Nh5 29. Nfe4 Rf8 $11) 24... bxa6 25. Rxa6 $2 {
[%mdl 64] Grischuk was not suspecting, that his position could be so critical.
White already had to play carefully in order to tame potentially active white
pieces.} (25. Nc3 Rb4 26. Ra4 (26. Rxa6 Rd4 $15) 26... Reb8 $11) 25... Nxf3+ $1
26. Bxf3 (26. gxf3 Qxe2 27. Qxe2 Rxe2 28. Nc7 Ne8 29. Nxe8 Rbxe8 30. Bxd6 Bd4
$19) 26... Rxb5 27. Bxd6 (27. Rxd6 Nd7 $1 28. Nd1 Ne5 $17) 27... Qb7 28. Rc6 (
28. Ra2 c4 29. Qf4 Rc8 $15) 28... Rxb2 29. Qf4 (29. Qa5 Rb1 30. Qxc5 Rxf1+ 31.
Kxf1 Bd7 $15 32. Kg1 (32. Rc7 $2 Qb1+ 33. Bd1 (33. Qc1 Bb5+ 34. Kg1 Re1+ $19)
33... Ne4 $19) 32... Bxc6 33. dxc6 Qa6 $15) 29... Rb1 30. Rxc5 $2 {The second
reckless move will cost white too much, since black can benefit from the witty
geometrical motive and win the material.} (30. Qc4 Rxf1+ 31. Qxf1 Bd7 32. Nd3
Bxc6 33. dxc6 Qf7 34. Nxc5 Bf8 $15) 30... Rxf1+ 31. Kxf1 Qa6+ $1 (31... Qa6+ $1
32. Kg1 (32. Rc4 Ne4 33. Be2 Nc3 34. Bf3 Be4 $19) 32... Bh6 $1 33. Qxh6 Re1+
34. Kh2 Qxd6+ 35. g3 Qxc5 $19) 0-1

[Event "Sochi FIDE GP"]
[Site "Sochi"]
[Date "2008.08.09"]
[Round "9"]
[White "Wang, Yue"]
[Black "Radjabov, Teimour"]
[Result "1-0"]
[WhiteElo "2704"]
[BlackElo "2744"]
[Annotator "Ftacnik,L"]
[PlyCount "123"]
[EventDate "2008.07.31"]
[EventType "tourn"]
[EventRounds "13"]
[EventCountry "RUS"]
[EventCategory "19"]
[SourceTitle "CBM 126"]
[Source "ChessBase"]
[SourceDate "2008.10.01"]
[SourceVersion "1"]
[SourceVersionDate "2008.10.01"]
[SourceQuality "1"]

1. d4 Nf6 2. c4 g6 3. Nc3 Bg7 4. e4 d6 5. f3 O-O 6. Be3 c5 7. dxc5 dxc5 8. Qxd8
Rxd8 9. Bxc5 Nc6 10. Nge2 b6 11. Ba3 Bb7 12. Rd1 {Wang Yue is showing a
remarkable affection for this risky variation. White pays for the pawn he wins
with backward development and an excessive build up on the light squares.} a5
13. Nc1 (13. Nf4 Nb4 (13... e6 14. Rxd8+ Rxd8 15. Be2 Nd7 16. Bd6 Nd4 $11) 14.
Rxd8+ Rxd8 15. Kf2 Rd2+ 16. Ke3 Rd8 17. Kf2 $11) 13... Nb4 14. Bd3 (14. Kf2
Rxd1 (14... Nh5 15. g3 Rxd1 (15... Bd4+ 16. Ke2 Rac8 17. Nb5 Rxc4 18. Nxd4
Rcxd4 19. Rxd4 Rxd4 20. Bxb4 Rxb4 21. b3 $14) 16. Nxd1 Bd4+ 17. Ke2 $14) 15.
Nxd1 Nd7 16. Nc3 Bd4+ 17. Kg3 Nc5 18. Be2 Be5+ 19. Kf2 Bd4+ $11) 14... Bh6 15.
Nd5 $1 {This active move is in fact a defence against the unpleasant pressure
of the enemy pieces.} (15. Bb1 $6 Rxd1+ 16. Kxd1 Rd8+ 17. Ke2 Rd2+ 18. Kf1 Be3
19. N1e2 e6 20. g3 $13) 15... Nfxd5 (15... Bxc1 16. Bxb4 axb4 17. Rxc1 Rxa2 18.
Nxe7+ Kg7 19. Nd5 Rxb2 20. O-O b5 $11) 16. cxd5 e6 17. Bxb4 axb4 18. dxe6 Bxc1
(18... fxe6 19. Bc4 Rxd1+ 20. Kxd1 Kf7 21. Nd3 $14) 19. e7 Rdc8 $2 {Radjabov
is an excellent player of the Kings Indian Defence, but his move contradicts
the logic of the struggle. Objectively it was necessary to come to terms with
the logical continuation 19...Rxd3 leading to an equal ending.} (19... Rxd3 20.
Rxd3 Bg5 21. h4 (21. Rd7 Bc6 22. Rc7 Be8 $15) 21... Bxe7 22. Rd7 Rxa2 23. Rxe7
(23. Kd2 Bc5 24. Rxb7 Rxb2+ 25. Kc1 Rxg2 26. Rd1 b3 27. Kb1 Ba3 28. Rxb6 Rb2+
29. Ka1 Ra2+ $11) 23... Ra1+ 24. Kf2 Rxh1 25. Rxb7 Rb1 26. g4 Rxb2+ 27. Ke3 $11
) 20. e8=Q+ Rxe8 21. Rxc1 f5 $6 {Black is somehow unable to switch to damage
limitation mode. For that purpose it was more suitable to take the a2-pawn.} (
21... Rxa2 22. Rb1 Rc8 23. Kd2 Kg7 24. Rhc1 Rxc1 25. Kxc1 Bc6 26. Kd2 $14) 22.
Rc7 Bd5 23. O-O fxe4 24. fxe4 Bxa2 $2 {The defense of the position would not
have been pleasant, but better solution was to eat the e4 pawn.} (24... Bxe4
25. Bc4+ (25. Bxe4 Rxe4 26. Rff7 Re1+ 27. Kf2 Rb1 $11) 25... Kh8 26. Re1 (26.
Rff7 g5 27. Kf2 $14) 26... Bf5 27. Rxe8+ Rxe8 28. Kf2 Rd8 29. Ke3 Rd1 30. Rc6
$14) 25. Ra1 Bd5 (25... Bf7 26. Rxa8 Rxa8 27. Bc4 Bxc4 28. Rxc4 b3 29. Rb4 Rc8
30. Rxb3 Rc4 31. Rxb6 Rxe4 32. Rb7 $16) (25... Kh8 26. Kf2 $16) 26. Rxa8 Bxa8
27. Bb5 $2 {Overjoyed by his own chances White is trying to transfer the game
into bishop ending, but it seems objectively drawish.} (27. Rc4 Rd8 28. Be2 b3
29. Bf3 Kf7 30. Rb4 $16) 27... Re5 (27... Rd8 $2 28. Rc4 Kg7 (28... b3 29. Kf2
Rd2+ 30. Kf3 Rc2 31. Ra4 Bb7 32. Rd4 Bc6 33. Bxc6 Rxc6 34. Rb4 $16) 29. Rxb4
Rd2 30. Ra4 Rxb2 31. Be8 Bb7 32. Ra7 Kf8 33. Bxg6 hxg6 34. Rxb7 $16) 28. Bc4+
Kf8 29. Rc8+ Re8 30. Rxe8+ Kxe8 31. e5 Ke7 $2 {[%mdl 4096] The passive defense
will unfortunatelly not be enough, while the activisation of the king to the
c5 square would enable a drawish outcome.} (31... Kd7 $1 32. Kf2 Kc6 33. Bg8 h6
34. Ke3 Kc5 35. Kf4 (35. g3 g5 $11) 35... Bxg2 36. Bf7 Bd5 37. Bxg6 Be6 38. Bf5
Bc4 39. Bg4 Bd3 40. Be6 Bg6 41. Bg8 Kc6 42. Ke3 Kc5 43. e6 Kd6 $11) 32. Kf2 Bc6
33. g3 g5 34. Ke3 h6 35. Kd4 Bd7 36. Bd5 Bb5 37. Bf3 Be8 38. Bg2 Ba4 39. Bd5
Bb5 40. Bg8 Kf8 {Black is facing the danger that his postion will be in
zugzwang and then the White king will break in, heading towards his pawns.} (
40... Be2 41. Kd5 Bb5 42. Be6 Be2 43. Bf5 Bb5 44. Bg4 $16) 41. Bc4 Ba4 42. Bd5
Bb5 43. Bf3 Ke7 44. Bg4 Bf1 45. Kd5 Bb5 46. Bf5 Be8 (46... h5 47. Bc2 $1 (47.
h4 $2 gxh4 48. gxh4 Be2 49. Kc6 Bg4 $11) 47... Be8 48. Bd1 h4 (48... Bg6 49.
Kc6 Ke6 50. Kxb6 Kxe5 51. Kc5 h4 52. Kxb4 hxg3 53. hxg3 $16) 49. Bg4 Bf7+ (
49... hxg3 50. hxg3 Bb5 51. Ke4 b3 52. Kf5 $18) 50. Kc6 Be6 51. Bd1 hxg3 52.
hxg3 Bf5 53. Kxb6 Ke6 54. Kc5 Kxe5 55. Kxb4 Kd4 56. Ka5 Ke3 57. b4 Bd7 58. Kb6
Kf2 59. Kc7 Bb5 60. g4 $18) 47. Kc4 b3 (47... h5 48. Kxb4 h4 49. Kc4 Bc6 50.
gxh4 gxh4 51. Kd4 $18) 48. Kxb3 {At long last one of the black pawns has
finally been eliminated. Wang Yue will demonstrate excellent technique all the
way to the finish.} Bb5 49. Kc3 Be2 50. Kd4 Bb5 51. Kd5 Ba4 52. b4 Bb5 53. Bg4
Ba4 54. Bc8 Kd8 55. Ba6 Kd7 56. e6+ Ke7 57. Bc8 Bb5 58. Bd7 $1 {In the pawn
ending all the trumps would be in White's hands.} Be2 (58... Bxd7 59. exd7 Kxd7
60. g4 Kc7 61. b5 Kd7 62. h3 $18) 59. Kc6 b5 60. Kb6 Bc4 61. Bxb5 Bxe6 62. Kc7
1-0

[Event "RUS-ch 62nd"]
[Site "Moscow"]
[Date "2009.12.29"]
[Round "9"]
[White "Vitiugov, Nikita"]
[Black "Khismatullin, Denis Rimovich"]
[Result "1-0"]
[WhiteElo "2694"]
[BlackElo "2643"]
[Annotator "Vitiugov,N"]
[PlyCount "43"]
[EventDate "2009.12.20"]
[EventType "tourn"]
[EventRounds "9"]
[EventCountry "RUS"]
[EventCategory "18"]
[SourceTitle "CBM 134"]
[Source "ChessBase"]
[SourceDate "2010.01.18"]
[SourceVersion "1"]
[SourceVersionDate "2010.01.18"]
[SourceQuality "1"]

{In the previous round I lost a terrible game against Riazantsev, and in spite
of the fact that a draw gave me good chances for the third place, I played
only for a win, because I was in a very aggressive mood.} 1. d4 Nf6 2. c4 g6 3.
Nc3 Bg7 4. e4 d6 5. f3 O-O 6. Be3 {In my opinion the Saemisch System is one of
the most dangerous systems against the King's Indian.} a6 7. Qd2 Nbd7 8. Nge2
c6 9. Bh6 $5 {Risky, but va ery concrete plan. Both sides need to play very
exactly.} b5 10. h4 Bxh6 (10... Nb6 $6 11. Ng3 Nxc4 12. Bxc4 bxc4 13. h5 $36)
11. Qxh6 e5 $1 {Denis makes the correct desicion - to play in the centre.} 12.
h5 b4 13. Na4 d5 $5 {The position was totally unclear, but I was optimistic,
because my opponent spent a lot of time in the opening.} 14. O-O-O Qe7 15. Qg5
{An useful move - now the queen is more active here. Also I wanted to move the
knight to f5.} dxe4 (15... Re8 $6 16. Ng3 exd4 17. Nf5 Qe5 18. g4 $40) 16. Ng3
exd4 (16... exf3 17. gxf3 exd4 18. Nf5 Qe5 19. Bd3 $40) 17. Nf5 $5 {The most
important move in the game. I understood that it wasn't objectively the
strongest move in the position, but, practically speaking, on that day in that
game it was the strongest.} ({The alternative is} 17. Nxe4 Re8 18. hxg6 fxg6
19. Bd3 {with quiet play.}) 17... Qe5 (17... Qe6 18. hxg6 fxg6 19. Nxd4 Qe5 20.
Qxe5 Nxe5 21. Nb6 Rb8 22. c5 $44) 18. g4 d3 $2 $138 {It's impossible to play
this position in time trouble without any mistakes.} ({Only Rybka can recommend
} 18... exf3 $1 19. hxg6 fxg6 20. Nc5 Nxg4 21. Ne7+ Kg7 22. Rxh7+ Kxh7 23.
Qxg6+ Kh8 24. Bd3 Qh2 $1 $17) 19. Nb6 $2 {A nice move, but probably a mistake.}
({The easiest way was} 19. Bxd3 $1 exd3 20. Rde1 d2+ 21. Kxd2 Qc7 22. hxg6 fxg6
23. Re7 $18) 19... Qe6 $4 {The second and the last mistake by Black.} ({
But how can you find this variation with two minutes on your clock? -} 19...
Kh8 20. f4 Qc5 21. hxg6 fxg6 22. Qxg6 Rg8 23. Qf7 Qxb6 24. Bxd3 Qd8 $1 25. Bxe4
Qf8 26. Qxf8 Nxf8 27. Bxc6 Bxf5 28. Bxa8 Rxg4 $13) 20. Qh6 gxf5 21. gxf5 Qxf5
22. Rg1+ {I was very happy after this game - it was my first victory over
Khismatullin, I got the bronze medal and a place in the next Superfinal. Also,
I was satisfied with my play.} 1-0